Polskie piosenki lat 80-tych (trudne) - Statystyki

Ogólne statystyki
  • Ten quiz został rozwiązany 186 razy
  • Średni wynik to 7 z 22
Statystyki odpowiedzi
Tytuł utworu: Wykonawca: % Poprawnych
Idź precz Perfect
67%
Rysunkowa postać Lady Pank
63%
Szał niebieskich ciał Maanam
59%
Czas ołowiu Budka Suflera
57%
Obudź się Oddział Zamknięty
50%
Po prostu stało się Bajm
49%
Obcy astronom Republika
41%
Za ciosem cios Kombi
39%
Po co wolność Kult
38%
Trzy zapałki TSA
37%
Sweet Sweet Tulipan Urszula
36%
Dwa słowa dwa światy Lombard
35%
Pocztówka z wakacji Papa Dance
29%
Requiem dla samej siebie 2 plus 1
26%
Tak jak ja kocham cię Tilt
16%
Głupia żaba (czyli Zabawa w miłość) Universe
15%
Podróżni bez biletu (Mamy czas) Banda i Wanda
13%
Nieprzytomnie słodka noc Rezerwat
12%
Wszystko będzie OK Turbo
11%
Zaczekaj z tym do jutra Bolter
10%
Jak lodu bryła Klincz
8%
Powiedz mi coś o sobie Bank
7%
Nie znaleziono quizów pasujących do podanych kryteriów
Rozkład punktacji
Procent ludzi z każdym wynikiem
Percentyl według liczby udzielonych odpowiedzi
Twoja historia wyników
Nie rozwiązałeś tego quizu